000 00249nam a2200097Ia 4500
008 230915s9999 xx 000 0 und d
050 _aZ 678 .T 86 1979
100 _aTunley,Malcolm
245 0 _aLibrary Structures and Staffing Systems
942 _cBK
999 _c206693
_d206693